MARC

Tag First Indicator Second Indicator Subfields
LEADER 00000cam a2200000 a 4500
001 in00000855694
005 20151019065622.0
008 850520s1985 mdua b f00000 eng d
010 |a gp 85021114  
035 |a (OCoLC)12086685 
035 |9 AED1693AM 
040 |a GPO  |c GPO  |d UtOrBLW 
043 |a n-us--- 
074 |a 467-A-1 
086 0 |a HE 20.8202:H 43/2/964-84 
245 0 0 |a Epidemiology of heroin :  |b 1964-1984. 
264 1 |a Rockville, Md. :  |b U.S. Dept. of Health and Human Services, Public Health Service, Alcohol, Drug Abuse, and Mental Health Administration, National Institute on Drug Abuse, Division of Epidemiology and Statistical Analysis,  |c 1985. 
300 |a iv, 63 pages :  |b illustrations ;  |c 28 cm. 
336 |a text  |b txt  |2 rdacontent 
337 |a unmediated  |b n  |2 rdamedia 
338 |a volume  |b nc  |2 rdacarrier 
504 |a Bibliography: pages 44-46. 
650 0 |a Heroin abuse  |z United States. 
650 0 |a Drug abuse  |z United States. 
650 0 |a Epidemiology. 
710 2 |a National Institute on Drug Abuse.  |b Division of Epidemiology and Statistical Analysis. 
999 |a MARS 
999 f f |s 0e73b061-a7cd-368d-bc1d-a95c35f18342  |i 9d43f0db-b7b4-372d-9362-d2e7eb9407d6  |t 0 
952 f f |p normal  |a Texas A&M University  |b College Station  |c Sterling C. Evans Library  |d Evans: US Documents (Annex 5th floor)  |t 0  |e HE 20.8202:H 43/2/964-84  |h Superintendent of Documents classification  |i unmediated -- volume  |m A14814933678 
998 f f |a HE 20.8202:H 43/2/964-84  |t 0  |l Evans: US Documents (Annex 5th floor)